[Event "II Liga SSCS 2015 - Istok"]
[Site "VRNJAČKA BANJA - Hotel "]
[Date "2015.10.09"]
[Round "8.12"]
[White "DJORDJEVIC, Vuk  **"]
[Black "DJOKIC, Nebojsa"]
[Result "0-1"]
[WhiteElo "2209"]
[BlackElo "2204"]
[PlyCount "0"]
[EventDate "2015.08.28"]

1.e4 c5 2.Nc3 Nc6 3.g3 g6 4.Bg2 Bg7 5.d3 d6 6.Nge2 Rb8 7.Be3
e6 8.Qd2 Nge7 9.Bh6 O-O 10.Bxg7 Kxg7 11.O-O b5 12.a3 a5 13.Nd1
b4 14.axb4 cxb4 15.Ne3 Ba6 16.f4 Qb6 17.Kh1 f5 18.exf5 Nxf5 19.Nxf5+
gxf5 20.c3 d5 21.Rfe1 Rf6 22.g4 fxg4 23.f5 Rxf5 24.Ng3 Re5 25.d4
bxc3 26.bxc3 Rxe1+ 27.Rxe1 Qd8 28.Nh5+ Kh8 29.Rxe6 Rb1+ 30.Re1
Rxe1+ 31.Qxe1 Qe7 32.Qg3 Bc4 33.h3 a4 34.Qxg4 a3 35.Qc8+ Nd8
36.Qa8 a2 37.Ng3 Qf6 38.Qa3 Kg8 39.Qa8 Kf8 40.Bf1 Ba6 41.Qxd5
a1Q 42.Qc5+ Ke8 43.Qd5 0-1

[Event "II Liga SSCS 2015 - Istok"]
[Site "VRNJAČKA BANJA - Hotel "]
[Date "2015.10.09"]
[Round "8.13"]
[White "JOVANOVIC, Aleksandar D"]
[Black "KULAK, Dejan"]
[Result "1-0"]
[WhiteElo "2195"]
[BlackElo "2259"]
[PlyCount "0"]
[EventDate "2015.08.28"]

1.e4 Nf6 2.d3 d5 3.e5 Nfd7 4.f4 c5 5.Nc3 Nc6 6.g3 e6 7.Bg2 a6
8.Nf3 b5 9.O-O Be7 10.Ne2 O-O 11.c3 b4 12.c4 a5 13.Be3 a4 14.Rc1
Qb6 15.Nd2 d4 16.Bf2 Bb7 17.g4 b3 18.a3 g5 19.Ne4 gxf4 20.Nxf4
Ncxe5 21.g5 Ng6 22.Nh3 f5 23.gxf6 Nxf6 24.Qe2 Rae8 25.Bg3 Nxe4
26.Bxe4 Rxf1+ 27.Rxf1 Bxe4 28.Qxe4 Bd6 29.Ng5 Bxg3 30.hxg3 Qd6
31.Kg2 Re7 32.Qa8+ Kg7 33.Qxa4 Ne5 34.Qa8 Rc7 35.Qb8 Kg6 36.Ne4 1-0

[Event "II Liga SSCS 2015 - Istok"]
[Site "VRNJAČKA BANJA - Hotel "]
[Date "2015.10.09"]
[Round "8.14"]
[White "DJORDJEVIC, Nebojsa"]
[Black "ILIC, Aleksandar "]
[Result "0-1"]
[WhiteElo "2292"]
[BlackElo "2147"]
[PlyCount "0"]
[EventDate "2015.08.28"]

1.d4 Nf6 2.c4 g6 3.Nc3 Bg7 4.e4 d6 5.f3 O-O 6.Be3 a6 7.Bd3 Nbd7
8.Nge2 c5 9.d5 Ne5 10.a4 b6 11.b3 Nxd3+ 12.Qxd3 Rb8 13.O-O Bd7
14.Rab1 Ne8 15.b4 Nc7 16.Rb3 Qe8 17.Rfb1 Ra8 18.a5 cxb4 19.axb6
bxc3 20.bxc7 c2 21.Rc1 Qc8 22.Bb6 a5 23.Nd4 a4 24.Rb4 a3 25.Nxc2
a2 26.Bd4 Bxd4+ 27.Qxd4 Qxc7 28.Ra1 Rfb8 29.Kf2 Rxb4 30.Nxb4
Ra4 31.Nxa2 Rxc4 32.Qe3 Ra4 33.Qb3 Qa5 34.Kg3 Bb5 35.Rb1 Rxa2
36.Qxb5 Qd2 37.Qf1 Qg5+ 38.Kh3 f5 39.exf5 gxf5 40.Rb8+ Kf7 41.Qd3
Qxg2+ 42.Kh4 Qxh2+ 43.Kg5 Rg2+ 0-1

[Event "II Liga SSCS 2015 - Istok"]
[Site "VRNJAČKA BANJA - Hotel "]
[Date "2015.10.09"]
[Round "8.15"]
[White "DJUKIC, Slobodan D"]
[Black "STANKOVIC, Dejan"]
[Result "1/2-1/2"]
[WhiteElo "2127"]
[BlackElo "2246"]
[PlyCount "0"]
[EventDate "2015.08.28"]

1.e4 e5 2.Nf3 Nf6 3.Nxe5 d6 4.Nf3 Nxe4 5.d4 d5 6.Bd3 Nc6 7.O-O
Be7 8.c4 Nf6 9.h3 O-O 10.Nc3 Nb4 11.Be2 dxc4 12.Bxc4 c6 13.a3
Nbd5 14.Bd3 h6 15.Ne5 Bd6 16.Bc2 Be6 17.f4 c5 18.Nb5 cxd4 19.Nxd6
Qxd6 20.Qxd4 Rac8 21.Bd3 Qc5 22.Qxc5 Rxc5 23.Bd2 Nd7 24.Nf3 N7b6
25.Rac1 Rfc8 26.Rxc5 Rxc5 27.Rc1 Rxc1+ 28.Bxc1 a6 29.Nd4 Bd7 1/2-1/2

[Event "II Liga SSCS 2015 - Istok"]
[Site "VRNJAČKA BANJA - Hotel "]
[Date "2015.10.09"]
[Round "8.17"]
[White "PETROVIC, Tijana  **"]
[Black "STOIMENOV, Roki"]
[Result "1/2-1/2"]
[WhiteElo "1769"]
[BlackElo "2021"]
[PlyCount "0"]
[EventDate "2015.08.28"]

1.Nf3 Nf6 2.c4 g6 3.Nc3 Bg7 4.e4 d6 5.d4 O-O 6.Be2 Nbd7 7.O-O
e5 8.Be3 Re8 9.Qc2 exd4 10.Nxd4 c6 11.Rfd1 Nc5 12.f3 Ne6 13.Nb3
Qc7 14.Rac1 b6 15.Qd2 Bf8 16.Nd4 Bb7 17.b4 Rad8 18.Nd5 cxd5 19.cxd5
Qb8 20.dxe6 fxe6 21.Bg5 Bg7 22.Bb5 Re7 23.Bc6 Rc8 24.Bxb7 Qxb7
25.Nb5 Rxc1 26.Rxc1 Rd7 27.Nxd6 Qb8 28.Rc8+ Qxc8 29.Nxc8 Rxd2
30.Bxd2 a6 31.Nxb6 Nxe4 32.fxe4 Bd4+ 33.Kf1 Bxb6 34.Ke2 Kf7 35.Bc3
Bc7 36.h3 Ke7 37.Kd3 Kd6 38.Kc4 Kc6 39.Bd4 Bf4 40.a4 Bd6 41.Bc5
Bg3 42.Bf8 Bf2 43.e5 Bg1 44.Be7 Bf2 45.b5+ axb5+ 46.axb5+ Kc7
47.Bc5 Bg3 48.Bd4 Bh4 49.Kb4 Kb7 50.b6 Be7+ 51.Kb5 Bh4 52.Bc5
Bg3 53.Bd6 Bf4 54.Bc7 Be3 55.Bd8 Bd4 56.Bc7 1/2-1/2

[Event "II Liga SSCS 2015 - Istok"]
[Site "VRNJAČKA BANJA - Hotel "]
[Date "2015.10.09"]
[Round "8.18"]
[White "DJORDJEVIC, Lazar  **"]
[Black "PETROVIC, Tamara  **"]
[Result "1/2-1/2"]
[WhiteElo "1845"]
[BlackElo "1793"]
[PlyCount "0"]
[EventDate "2015.08.28"]

1.e4 c5 2.Nf3 d6 3.d4 cxd4 4.Qxd4 Nc6 5.Bb5 Qd7 6.Qd3 a6 7.Bxc6
Qxc6 8.c4 Nf6 9.Nc3 e6 10.O-O Be7 11.e5 dxe5 12.Nxe5 Qc7 13.Qe2
Bd7 14.Bf4 Qc8 15.Rfd1 Bc6 16.Rac1 O-O 17.b3 Bc5 18.Bg5 Be7 19.Qe3
h6 20.Bf4 Nh5 21.Nxc6 Qxc6 22.Be5 Nf6 23.h3 Rfd8 24.Bd4 Rac8 1/2-1/2

[Event "II Liga SSCS 2015 - Istok"]
[Site "VRNJAČKA BANJA - Hotel "]
[Date "2015.10.09"]
[Round "8.21"]
[White "RADOSAVLJEVIC, Slobodan D"]
[Black "MILOVANOVIC, Srboljub"]
[Result "1/2-1/2"]
[WhiteElo "2174"]
[BlackElo "2217"]
[PlyCount "0"]
[EventDate "2015.08.28"]

1.c4 e5 2.g3 Nc6 3.Bg2 Nf6 4.Nf3 Bc5 5.O-O d6 6.Nc3 O-O 7.e3
h6 8.d4 exd4 9.exd4 Bb6 10.h3 Ne7 11.b4 a6 12.a4 c6 13.a5 Bc7
14.d5 cxd5 15.cxd5 b6 1/2-1/2

[Event "II Liga SSCS 2015 - Istok"]
[Site "VRNJAČKA BANJA - Hotel "]
[Date "2015.10.09"]
[Round "8.22"]
[White "PETROVIC, Dragan R"]
[Black "MILOSEVIC, Aleksandar"]
[Result "0-1"]
[WhiteElo "2201"]
[BlackElo "2284"]
[PlyCount "0"]
[EventDate "2015.08.28"]

1.e4 c5 2.Nf3 d6 3.d4 cxd4 4.Nxd4 Nf6 5.Nc3 a6 6.a4 Nc6 7.Bc4
e6 8.Ba2 Be7 9.O-O O-O 10.Kh1 Rb8 11.f4 Qc7 12.f5 Nxd4 13.Qxd4
b5 14.axb5 axb5 15.Bb3 b4 16.Ne2 e5 17.Qd3 Bb7 18.Ng3 h6 19.Bd2
Bc6 20.Qf3 Qb7 21.Rfe1 d5 22.exd5 Nxd5 23.Rxe5 Nf6 24.Qf1 Rfd8
25.Be3 Ra8 26.Rea5 Rxa5 27.Rxa5 Ng4 28.Bxf7+ Kh8 29.Ra7 Bxg2+
30.Kg1 Qxa7 31.Bxa7 Bxf1 32.Nxf1 Rd7 33.Bb6 Bf6 34.Be6 Rb7 35.Bc5
Bxb2 36.h3 Nf6 37.Bb3 Rb5 38.Be7 Rxf5 39.Bxb4 Bd4+ 0-1

[Event "II Liga SSCS 2015 - Istok"]
[Site "VRNJAČKA BANJA - Hotel "]
[Date "2015.10.09"]
[Round "8.23"]
[White "POPOVIC, Djordje D"]
[Black "KRAGULJAC, Pero"]
[Result "1-0"]
[WhiteElo "2244"]
[BlackElo "2121"]
[PlyCount "0"]
[EventDate "2015.08.28"]

1.d4 Nf6 2.c4 g6 3.Nc3 Bg7 4.e4 d6 5.Be2 O-O 6.Nf3 Nc6 7.O-O
e5 8.d5 Ne7 9.Ne1 Nd7 10.Nd3 f5 11.Bd2 Nf6 12.f3 f4 13.c5 g5
14.g4 Ng6 15.Be1 Rf7 16.cxd6 cxd6 17.Kg2 Bd7 18.a4 Bf8 19.h4
Rc8 20.Qb3 h5 21.Bf2 b6 22.Nb4 Nxh4+ 23.Bxh4 gxh4 24.Nc6 Ra8
25.Kh1 hxg4 26.fxg4 Nh7 27.Nxd8 Rxd8 28.a5 1-0

[Event "II Liga SSCS 2015 - Istok"]
[Site "VRNJAČKA BANJA - Hotel "]
[Date "2015.10.09"]
[Round "8.24"]
[White "LUKIC, Igor M"]
[Black "STEFANOVIC, Vladimir"]
[Result "1/2-1/2"]
[WhiteElo "2109"]
[BlackElo "2217"]
[PlyCount "0"]
[EventDate "2015.08.28"]

1.b3 e5 2.Bb2 Nc6 3.e3 d5 4.Bb5 Bd6 5.Nf3 Qe7 6.d4 e4 7.Ne5 Bxe5
8.dxe5 a6 9.Bxc6+ bxc6 10.Qd4 Be6 11.Ba3 Qg5 12.Qc5 Kd7 13.Nc3
Qxe5 14.O-O-O Nf6 15.Rd4 Rab8 16.h3 Rb6 17.Rhd1 Kc8 18.Na4 Kb7
19.Nxb6 cxb6 20.Qe7+ Qc7 21.Bd6 Qxe7 22.Bxe7 Nd7 23.Bd6 Re8 24.Kb2
c5 25.Rxd5 1/2-1/2

[Event "II Liga SSCS 2015 - Istok"]
[Site "VRNJAČKA BANJA - Hotel "]
[Date "2015.10.09"]
[Round "8.25"]
[White "IVIC, Matija  **"]
[Black "SAVIC, Nebojsa"]
[Result "1-0"]
[WhiteElo "2172"]
[BlackElo "2045"]
[PlyCount "0"]
[EventDate "2015.08.28"]

1.d4 Nf6 2.c4 g6 3.Nc3 Bg7 4.e4 d6 5.f4 O-O 6.Nf3 e6 7.Be2 Nbd7
8.O-O b6 9.e5 Ne8 10.h4 Bb7 11.h5 c5 12.hxg6 hxg6 13.d5 exd5
14.e6 fxe6 15.cxd5 e5 16.Ng5 exf4 17.Ne6 Bd4+ 18.Nxd4 cxd4 19.Qxd4
g5 20.g3 Nef6 21.gxf4 g4 22.Bd2 Kf7 23.Ne4 Bxd5 24.Nxd6+ Kg7
25.Bc3 Bc6 26.Nf5+ Kg6 27.Ng3 Nc5 28.f5+ Kh7 29.Qf2 Bd5 30.Rfd1
Ncd7 31.Rxd5 Nxd5 32.Qh2+ Kg8 33.Qh8+ Kf7 34.Qg7+ Ke8 35.Bb5
Qe7 36.Re1 Ne3 37.Qd4 Qh7 38.Rxe3+ Kd8 39.Rd3 Rf7 40.Bc4 Re7
41.f6 Rf7 42.Bxf7 Qxf7 43.Qd5 Qxd5 44.Rxd5 Kc7 45.f7 Kc6 1-0

[Event "II Liga SSCS 2015 - Istok"]
[Site "VRNJAČKA BANJA - Hotel "]
[Date "2015.10.09"]
[Round "8.26"]
[White "NADJ, Vanja"]
[Black "PETROVIC, Petar R  **"]
[Result "1-0"]
[WhiteElo "1969"]
[BlackElo "1968"]
[PlyCount "0"]
[EventDate "2015.08.28"]

1.e4 e5 2.Nf3 d6 3.d4 Nd7 4.Nc3 Ngf6 5.Bg5 Be7 6.h3 c6 7.Qd2
O-O 8.a3 Qc7 9.Be2 Re8 10.O-O h6 11.Be3 a6 12.Nh2 b5 13.f4 exd4
14.Bxd4 c5 15.Be3 Bb7 16.Bf3 Bf8 17.Nd5 Nxd5 18.exd5 Nb6 19.Bf2
Nc4 20.Qc3 g6 21.Ng4 Bg7 22.Nf6+ Bxf6 23.Qxf6 Nd2 24.Bg3 Nxf3+
25.Rxf3 Bxd5 26.Rd3 Qc6 27.f5 Re2 28.Bf2 Kh7 29.Rad1 Bc4 30.Rxd6
Qe4 31.b3 Qxf5 32.Qxf5 gxf5 33.bxc4 Rxc2 34.Bxc5 Rg8 35.R1d2
Rxc4 36.R2d5 Rc1+ 37.Kf2 Rc2+ 38.Kf3 Rcxg2 39.Rxf5 R8g3+ 40.Kf4
Rxh3 41.Rxf7+ Kh8 42.Rd8+ Rg8 43.Bd4# 1-0

[Event "II Liga SSCS 2015 - Istok"]
[Site "VRNJAČKA BANJA - Hotel "]
[Date "2015.10.09"]
[Round "8.27"]
[White "IVANOVIC, Zoran M"]
[Black "PAVLOVIC, Milan R  **"]
[Result "1-0"]
[WhiteElo "2100"]
[BlackElo "1792"]
[PlyCount "0"]
[EventDate "2015.08.28"]

1.e4 e5 2.Nf3 Nc6 3.d4 exd4 4.Nxd4 Bc5 5.Be3 Qf6 6.c3 Nge7 7.Bc4
Na5 8.Be2 Nac6 9.O-O d5 10.Nb5 Bd6 11.exd5 Ne5 12.Nxd6+ Qxd6
13.c4 Bf5 14.Nc3 Qb4 15.Qd4 Nd7 16.Nb5 O-O 17.Nxc7 Rac8 18.Nb5
a6 19.a3 Qa5 20.b4 Qd8 21.Nd6 Rc7 22.c5 Nf6 23.Bf3 Qd7 24.h3
Rd8 25.Bf4 Bg6 26.Be5 Ne8 27.Nxe8 1-0

[Event "II Liga SSCS 2015 - Istok"]
[Site "VRNJAČKA BANJA - Hotel "]
[Date "2015.10.09"]
[Round "8.28"]
[White "PAVLOVIC, Branka  *"]
[Black "BLAGOJEVIC, Nikola  **"]
[Result "1/2-1/2"]
[WhiteElo "1840"]
[BlackElo "1707"]
[PlyCount "0"]
[EventDate "2015.08.28"]

1.e4 c6 2.d4 d5 3.exd5 cxd5 4.Bd3 Nf6 5.c3 e6 6.Bf4 Nc6 7.Nf3
Be7 8.O-O O-O 9.Nbd2 a5 10.a4 b6 11.Re1 Ba6 12.Bxa6 Rxa6 13.Qb3
Ra8 14.Qb5 Na7 15.Qd3 Nh5 16.Bg3 Nxg3 17.hxg3 Nc8 18.Ne5 Nd6
19.Nc6 Qc7 20.Nxe7+ Qxe7 21.Re5 Rac8 22.Rae1 Qc7 23.Rh5 g6 24.Rh6
Kg7 25.Rh4 h5 26.g4 hxg4 27.Rxg4 Rh8 28.Rxe6 Kf8 29.Re5 Nc4 30.Nxc4
Qxc4 31.Qxc4 Rxc4 32.Rxd5 Rxa4 33.f3 Kg7 34.Rb5 Rb8 35.Re4 Ra1+
36.Kf2 Rb1 37.c4 a4 38.Re3 Rc8 39.Rb4 Rc1 40.Rc3 Rxc3 41.bxc3
a3 42.Ra4 a2 43.Rxa2 Rxc4 44.Ra3 Kf6 45.Ke3 Ke6 46.Kd3 Rc6 47.c4
Kd6 48.Ra8 Rc7 49.g4 Re7 50.Rd8+ Kc7 51.Rd5 Kc6 52.Re5 Ra7 53.Ke4
Ra4 54.c5 bxc5 55.Rxc5+ Kd6 56.Rb5 Ra1 57.Rb6+ Ke7 58.g5 Re1+
59.Kd5 Ra1 60.Rb7+ Ke8 61.Kd6 Ra6+ 62.Ke5 Re6+ 63.Kd5 Re3 64.f4
Ra3 65.Rb5 Kd7 66.Ke4 Ra1 67.Rb7+ Ke8 68.Rb3 Kd7 69.d5 Re1+ 70.Re3
Rd1 71.Ke5 Ke7 72.Rf3 1/2-1/2

[Event "II Liga SSCS 2015 - Istok"]
[Site "VRNJAČKA BANJA - Hotel "]
[Date "2015.10.09"]
[Round "8.31"]
[White "TODOROVIC, Nenad I  **"]
[Black "MLADENOVIC, Stefan  *"]
[Result "1/2-1/2"]
[WhiteElo "2273"]
[BlackElo "2326"]
[PlyCount "0"]
[EventDate "2015.08.28"]

1.e4 e6 2.d4 d5 3.Nd2 Nf6 4.e5 Nfd7 5.c3 c5 6.Bd3 Nc6 7.Ngf3
g6 8.h4 h6 9.Bc2 b5 10.O-O Bg7 11.Re1 Ba6 12.Nf1 b4 13.Ne3 Rc8
14.h5 g5 15.Bd3 Bxd3 16.Qxd3 bxc3 17.bxc3 c4 18.Qc2 Qa5 19.Ng4
Rb8 20.Bd2 Ne7 21.Nfh2 Nf5 22.Nf1 Qa3 23.Bc1 Qa5 24.Bd2 Nb6 25.a4
Nd7 26.Ng3 Nxg3 27.fxg3 Rb3 28.Rf1 Nf8 29.Rf3 Rb7 30.Bc1 Rb3
31.Bd2 Rb7 32.Bc1 Rb3 33.Bd2 1/2-1/2

[Event "II Liga SSCS 2015 - Istok"]
[Site "VRNJAČKA BANJA - Hotel "]
[Date "2015.10.09"]
[Round "8.32"]
[White "MARKOVIC, Marko"]
[Black "BURA, Goran"]
[Result "1-0"]
[WhiteElo "2269"]
[BlackElo "2270"]
[PlyCount "0"]
[EventDate "2015.08.28"]

1.e4 c5 2.Nf3 Nc6 3.Bb5 g6 4.O-O Bg7 5.Bxc6 bxc6 6.d3 Nh6 7.Nc3
d6 8.Bg5 f6 9.Be3 O-O 10.h3 Rb8 11.Qd2 Nf7 12.Rab1 e5 13.a3 f5
14.exf5 gxf5 15.Bg5 Nxg5 16.Qxg5 Qxg5 17.Nxg5 Bf6 18.Nf3 Ba6
19.Rfe1 c4 20.dxc4 Bxc4 21.Nd2 Bf7 22.b4 e4 23.Na4 Ba2 24.Rbd1
Rf7 25.Nb3 Be5 26.Na5 Rc8 27.c4 d5 28.Re2 Bxc4 29.Nxc4 dxc4 30.Rc2
c3 31.Nxc3 a5 32.Nd5 axb4 33.Nxb4 c5 34.Rd5 Bb8 35.Rcxc5 Rxc5
36.Rxc5 Ba7 37.Rc8+ Kg7 38.Nd5 f4 39.Rc7 Rxc7 40.Nxc7 Kg6 41.a4
e3 42.fxe3 Bxe3+ 43.Kf1 Bd2 44.Ke2 Ba5 45.Nd5 Kf5 46.Kf3 Bd2
47.Nb6 Ke6 48.Ke4 Ba5 49.Nd5 Bd2 50.Nxf4+ Kd6 51.Nd5 Kc5 52.Nf6
h6 53.Kf5 Kb4 54.Kg6 Kxa4 55.Ng8 Kb5 56.Nxh6 Kc5 57.Nf5 Kd5 58.h4 1-0

[Event "II Liga SSCS 2015 - Istok"]
[Site "VRNJAČKA BANJA - Hotel "]
[Date "2015.10.09"]
[Round "8.33"]
[White "NJEGIC, Vladimir"]
[Black "RAICEVIC, Ivica"]
[Result "1/2-1/2"]
[WhiteElo "2147"]
[BlackElo "2238"]
[PlyCount "0"]
[EventDate "2015.08.28"]

1.d4 e6 2.c4 Nf6 3.Nc3 Bb4 4.e3 Bxc3+ 5.bxc3 c5 6.Bd3 Nc6 7.Ne2
d6 8.f4 e5 9.fxe5 dxe5 10.O-O O-O 11.d5 Na5 12.Ng3 g6 13.e4 Ne8
14.Bh6 Ng7 15.Qd2 f6 16.Rf2 Bd7 17.Raf1 Qe7 18.h3 Rf7 19.Rf3
Raf8 20.Qc2 b6 21.Nh1 Nb7 22.g4 Nd6 23.Ng3 Qe8 24.Kh2 1/2-1/2

[Event "II Liga SSCS 2015 - Istok"]
[Site "VRNJAČKA BANJA - Hotel "]
[Date "2015.10.09"]
[Round "8.34"]
[White "MILJKOVIC, Mihajlo"]
[Black "MICKOVIC, Slavisa"]
[Result "1/2-1/2"]
[WhiteElo "2252"]
[BlackElo "2092"]
[PlyCount "0"]
[EventDate "2015.08.28"]

1.d4 d5 2.Nf3 Nf6 3.Bf4 c6 4.e3 Bf5 5.Bd3 Bxd3 6.Qxd3 e6 7.O-O
Bd6 8.Bxd6 Qxd6 9.Ne5 Nbd7 10.f4 Ne4 11.Nc3 Nxc3 12.bxc3 f6 13.Nxd7
Qxd7 14.e4 O-O-O 15.a4 g6 16.Rfe1 Rhe8 17.e5 f5 18.Red1 1/2-1/2

[Event "II Liga SSCS 2015 - Istok"]
[Site "VRNJAČKA BANJA - Hotel "]
[Date "2015.10.09"]
[Round "8.35"]
[White "KOSTIC, Tomislav  **"]
[Black "TERZIC, Goran"]
[Result "1-0"]
[WhiteElo "1983"]
[BlackElo "2267"]
[PlyCount "0"]
[EventDate "2015.08.28"]

1.e4 Nc6 2.Nc3 e5 3.Nf3 Bc5 4.Nxe5 Nxe5 5.d4 Bd6 6.dxe5 Bxe5
7.Bd3 Qh4 8.Nd5 Nf6 9.g3 Qh3 10.Bf4 Qg2 11.Rf1 Bxf4 12.Nxf4 Qxh2
13.e5 Ng8 14.Nd5 Kd8 15.Qf3 Qh6 16.Qxf7 g6 17.e6 dxe6 18.Qxc7+
Ke8 19.Qe5 Kf7 20.Nc7 Nf6 21.Nxa8 Bd7 22.Nc7 a6 23.Bc4 Rf8 24.Bxe6+
Bxe6 25.Qxe6+ Kg7 26.Qe3 1-0

[Event "II Liga SSCS 2015 - Istok"]
[Site "VRNJAČKA BANJA - Hotel "]
[Date "2015.10.09"]
[Round "8.36"]
[White "RADIVOJEVIC, Tomislav"]
[Black "KOSTIC, Marko ** "]
[Result "0-1"]
[WhiteElo "2188"]
[BlackElo "1938"]
[PlyCount "0"]
[EventDate "2015.08.28"]

1.Nf3 d5 2.c4 e6 3.g3 Nf6 4.Bg2 Be7 5.O-O O-O 6.b3 c5 7.cxd5
Nxd5 8.Bb2 Nc6 9.Nc3 Bf6 10.Qc1 Rb8 11.Ne4 Bxb2 12.Qxb2 b6 13.d4
Nxd4 14.Nxd4 cxd4 15.Qxd4 Bb7 16.Rfd1 Qe7 17.Rac1 Rfd8 18.Qb2
Rd7 19.Rd2 Rbd8 20.h4 h6 21.Rcd1 Rc8 22.Rc2 Rdc7 23.Rdc1 f5 24.Nd2
f4 25.Ne4 fxg3 26.Nxg3 Rxc2 27.Rxc2 Rxc2 28.Qxc2 Qxh4 29.Qg6
Qe7 30.Be4 Nf6 31.Bd3 Qf7 32.e3 Qxg6 33.Bxg6 Bf3 34.Nf1 Be4 35.Bxe4
Nxe4 36.f3 Nc3 37.a3 g5 38.Nd2 b5 39.Kf2 Kg7 40.Kg3 Kg6 41.Kh3
Kf5 42.Kg3 h5 43.Kg2 e5 44.b4 e4 45.Nb3 exf3+ 46.Kxf3 g4+ 47.Kf2
h4 48.Nd4+ Ke4 49.Nc6 a6 50.Nb8 h3 51.Nxa6 h2 52.Kg2 Kxe3 53.Nc5
Ke2 54.a4 bxa4 55.b5 Nxb5 56.Nxa4 0-1

[Event "II Liga SSCS 2015 - Istok"]
[Site "VRNJAČKA BANJA - Hotel "]
[Date "2015.10.09"]
[Round "8.37"]
[White "DUBRAVCIC, Nikola  **"]
[Black "MARJANOVIC, Miroslav"]
[Result "0-1"]
[WhiteElo "1862"]
[BlackElo "2100"]
[PlyCount "0"]
[EventDate "2015.08.28"]

1.e4 d6 2.d4 Nf6 3.Nc3 g6 4.Nf3 Bg7 5.Be3 Bg4 6.Be2 Nc6 7.O-O
Bxf3 8.Bxf3 e5 9.d5 Ne7 10.Qd2 O-O 11.Rad1 Nd7 12.Bh6 f5 13.Bxg7
Kxg7 14.exf5 gxf5 15.Be2 Ng6 16.Bb5 Rf7 17.Bxd7 Rxd7 18.Ne2 f4
19.Nc3 Kh8 20.Qd3 Rg7 21.Rd2 Qe7 22.Qh3 Rf8 23.f3 Nh4 24.Ne4
Nf5 25.Rff2 Rg6 26.g4 Ne3 27.Kh1 Qf7 28.Qh5 Rfg8 29.h4 R8g7 30.Ng5
Qg8 31.Ne4 Nxd5 32.c4 Ne3 33.b3 Qe6 34.Ng5 Qf6 35.Ne4 Qe6 36.Ng5
Qe8 37.Ne4 Re6 38.Qxe8+ Rxe8 39.Nf6 Rd8 40.Rd3 Rf7 41.Ne4 d5
42.Rfd2 c6 43.Nf6 Re7 44.Kg1 h6 45.Nh5 Rg8 46.Kf2 e4 47.fxe4
dxe4 48.Rd8 Nxg4+ 49.Ke1 f3 50.Nf4 f2+ 51.Ke2 Rxd8 52.Rxd8+ Kh7
53.Nh3 Rf7 54.Rd1 Rf3 55.Rh1 Re3+ 56.Kd2 Rxh3 0-1

[Event "II Liga SSCS 2015 - Istok"]
[Site "VRNJAČKA BANJA - Hotel "]
[Date "2015.10.09"]
[Round "8.38"]
[White "IVANOVIC, Veljko  **"]
[Black "RAJKOVIC, Aleksandar"]
[Result "0-1"]
[WhiteElo "1912"]
[BlackElo "2147"]
[PlyCount "0"]
[EventDate "2015.08.28"]

1.d4 Nf6 2.c4 c5 3.d5 b5 4.Qc2 e6 5.e4 bxc4 6.Bxc4 exd5 7.exd5
d6 8.Ne2 Be7 9.O-O O-O 10.h3 Nbd7 11.Nd2 Nb6 12.Nc3 Bb7 13.Qd3
Nfd7 14.f4 Bf6 15.Nde4 Bd4+ 16.Kh1 Nxc4 17.Qxc4 Nb6 18.Qb3 Re8
19.f5 Rxe4 20.Nxe4 Bxd5 21.Qc2 Qh4 22.Bf4 Nc4 23.Rae1 Ne3 24.Bxe3
Bxe4 25.Qf2 Qxh3+ 26.Kg1 Bxg2 27.Qxg2 Bxe3+ 28.Rxe3 Qxe3+ 29.Kh1
Re8 30.f6 Qh6+ 0-1

[Event "II Liga SSCS 2015 - Istok"]
[Site "VRNJAČKA BANJA - Hotel "]
[Date "2015.10.09"]
[Round "8.53"]
[White "TRIFUNOVIC, Miroljub"]
[Black "BULATOVIC, Nikola  **"]
[Result "1-0"]
[WhiteElo "2209"]
[BlackElo "2078"]
[PlyCount "0"]
[EventDate "2015.08.28"]

1.d4 e6 2.Nf3 c5 3.g3 b6 4.Bg2 Bb7 5.O-O cxd4 6.Qxd4 d5 7.c4
Nf6 8.cxd5 Qxd5 9.Qa4+ Qd7 10.Qc2 Bc5 11.b4 Be4 12.Qb3 Be7 13.Nc3
Bd5 14.Nxd5 Nxd5 15.Ne5 Qb5 16.a4 Qxe2 17.Bxd5 exd5 18.Qxd5 O-O
19.Qxa8 Qxe5 20.Bf4 Qf5 21.Qb7 Nd7 22.Rad1 Rd8 23.Rd5 1-0

[Event "II Liga SSCS 2015 - Istok"]
[Site "VRNJAČKA BANJA - Hotel "]
[Date "2015.10.09"]
[Round "8.54"]
[White "DJORDJEVIC, Danilo  **"]
[Black "ZAFIROVSKI, Mite"]
[Result "0-1"]
[WhiteElo "2101"]
[BlackElo "2257"]
[PlyCount "0"]
[EventDate "2015.08.28"]

1.e4 c5 2.c3 Nf6 3.e5 Nd5 4.Bc4 Qc7 5.Nf3 Nb6 6.Be2 g6 7.d4 Bg7
8.Bf4 O-O 9.O-O cxd4 10.cxd4 Nd5 11.Bg3 Qb6 12.Qd2 Nc6 13.Nc3
Nxc3 14.Qxc3 d5 15.Rad1 Bg4 16.h3 Bxf3 17.Bxf3 e6 18.Bf4 Rac8
19.Qd2 Rc7 20.Rc1 Rfc8 21.Be3 Bf8 22.Qe2 Na5 23.Rxc7 Rxc7 24.b3
Nc6 25.Qb2 Qa5 26.Bd2 Bb4 27.Bxb4 Qxb4 28.a3 Qb6 29.Rc1 Nxd4
30.Rxc7 Nxf3+ 31.gxf3 Qxc7 32.Kg2 Qc5 33.b4 Qc4 0-1

[Event "II Liga SSCS 2015 - Istok"]
[Site "VRNJAČKA BANJA - Hotel "]
[Date "2015.10.09"]
[Round "8.55"]
[White "MAKSIMOVIC, Boban"]
[Black "BANJOVIC, Sasa"]
[Result "1/2-1/2"]
[WhiteElo "2216"]
[BlackElo "2139"]
[PlyCount "0"]
[EventDate "2015.08.28"]

1.c4 f5 2.g3 Nf6 3.Bg2 d6 4.Nc3 e5 5.e4 Nc6 6.Nge2 Be7 7.d4 O-O
8.O-O Nxe4 9.Nxe4 fxe4 10.d5 Nb8 11.Nc3 Qe8 12.Nxe4 Qg6 13.Be3
Bf5 14.f3 Nd7 15.Nf2 Nf6 16.Qd2 1/2-1/2

[Event "II Liga SSCS 2015 - Istok"]
[Site "VRNJAČKA BANJA - Hotel "]
[Date "2015.10.09"]
[Round "8.56"]
[White "DJORDJEVIC, Miroslav"]
[Black "VASIC, Milena  *"]
[Result "1-0"]
[WhiteElo "1958"]
[BlackElo "2136"]
[PlyCount "0"]
[EventDate "2015.08.28"]

1.f4 d5 2.Nf3 Nf6 3.e3 e6 4.b3 Be7 5.Bb2 b6 6.Be2 Bb7 7.O-O O-O
8.a4 c5 9.d3 Nc6 10.Qe1 Nd7 11.e4 d4 12.Na3 e5 13.f5 Nb4 14.g4
f6 15.Qg3 Re8 16.Rf2 a6 17.Rg2 Bc6 18.Kh1 Ra7 19.Rag1 Nf8 20.h4
b5 21.a5 Qxa5 22.Bc1 Ba8 23.g5 Qb6 24.Qg4 Na2 25.Qh5 Rc8 26.g6
hxg6 27.Rxg6 Nxg6 28.fxg6 Bd8 29.Qh7+ Kf8 30.Qh8+ Ke7 31.Qxg7+
Kd6 32.Qf8+ Kd7 33.g7 Be7 34.Qxc8+ Kxc8 35.g8Q+ Kd7 36.Bd2 1-0

[Event "II Liga SSCS 2015 - Istok"]
[Site "VRNJAČKA BANJA - Hotel "]
[Date "2015.10.09"]
[Round "8.57"]
[White "MILOSEVIC, Jovana  **"]
[Black "MILIC, Slobodan"]
[Result "1-0"]
[WhiteElo "2119"]
[BlackElo "1935"]
[PlyCount "0"]
[EventDate "2015.08.28"]

1.Nf3 Nf6 2.c4 e6 3.Nc3 d5 4.d4 b6 5.cxd5 exd5 6.Bg5 Be7 7.e3
O-O 8.Rc1 Bb7 9.Bd3 Ne4 10.Bxe7 Qxe7 11.O-O Nd7 12.Ne2 Ndf6 13.Ne5
c5 14.b3 Rac8 15.Nf3 Rc7 16.dxc5 bxc5 17.Ng3 Re8 18.Bb5 Rd8 19.Qc2
Bc8 20.Nd4 Nxg3 21.hxg3 Rd6 22.Nf5 Bxf5 23.Qxf5 Re6 24.Qc2 Re5
25.Rfd1 Rh5 26.Be2 Re5 27.Bf3 h5 28.Rd2 g5 29.Qd1 Rd7 30.Bxh5
Kg7 31.Bf3 Qd6 32.g4 Rd8 33.Rc3 Rh8 34.Rcd3 Rd8 35.g3 Qe6 36.Kg2
Rd7 37.Rc2 Rc7 38.Qc1 Nxg4 39.Rxc5 Rxc5 40.Qxc5 Nf6 41.Qd4 g4
42.Bxg4 Qe7 43.Bf3 Qe6 44.Qxa7 Rf5 45.Qd4 Kf8 46.Rd1 Ke8 47.b4
Qa6 48.Rd2 Kf8 49.Rb2 Nd7 50.Bg4 1-0

[Event "II Liga SSCS 2015 - Istok"]
[Site "VRNJAČKA BANJA - Hotel "]
[Date "2015.10.09"]
[Round "8.58"]
[White "VESELINOV, Ivica"]
[Black "TURUDIC, Nenad"]
[Result "1/2-1/2"]
[WhiteElo "1956"]
[BlackElo "2205"]
[PlyCount "0"]
[EventDate "2015.08.28"]

1.e4 e5 2.Nf3 Nc6 3.Bc4 Nf6 4.O-O Be7 5.Re1 d6 6.h3 O-O 7.c3
Nxe4 8.d4 d5 9.Bb5 exd4 10.Bxc6 bxc6 11.cxd4 c5 12.Qc2 cxd4 13.Nxd4
Bd6 14.Nd2 Nxd2 15.Bxd2 c5 16.Nb5 Ba6 17.Nxd6 Qxd6 18.Rac1 Rac8
19.Qa4 d4 20.b4 c4 21.b5 Bb7 22.Bb4 Qd5 23.f3 Rc7 24.Red1 d3
25.Bc3 Qc5+ 26.Kh1 Re8 27.Re1 Re2 28.Rxe2 dxe2 29.Qc2 Qe3 30.Be1
c3 31.Rb1 h6 32.Rb3 Bd5 33.Rxc3 Rxc3 34.Qxc3 Qxc3 35.Bxc3 Bxa2
36.Kg1 Bc4 37.Kf2 Bxb5 38.Ke3 Kf8 39.Kd4 Ke7 40.Ke5 f6+ 41.Kd5
Ba4 42.Kc5 Ke6 43.g4 g5 44.Kd4 f5 45.Ke3 Bb5 46.f4 fxg4 47.hxg4
gxf4+ 48.Kxf4 Kd5 49.Ke3 Ke6 50.Kf2 Kf7 51.Kf3 Kg6 52.Kf4 Bd7
53.Bd2 Bc6 54.Bc3 Bb5 55.Bd2 Kf6 56.Ke4 Ke6 57.Kf3 Kf6 58.Ke4
Kg6 59.Kf4 Bc4 60.Bc3 Bb5 61.Bd2 Bd7 62.Bc3 h5 63.gxh5+ Kxh5
64.Be1 Kg6 65.Bc3 Bb5 66.Bd2 Kf6 67.Bc3+ Ke6 68.Ke4 Kd6 69.Kd4
Kc6 70.Be1 Kb6 71.Kc3 a5 72.Kb3 Bd3 73.Ka3 Kb5 74.Kb3 a4+ 75.Ka3
Bc4 76.Bc3 Bb3 77.Be1 Kc4 78.Kb2 Kd3 79.Ba5 Bd1 80.Be1 Ke3 81.Ka3
Kf3 82.Kb2 Kg2 83.Bb4 Kf2 84.Ka1 Ke3 85.Be1 Kd4 86.Kb2 Kd3 87.Ba5
Ke3 88.Be1 Kf3 89.Ba5 Kf2 90.Ka3 e1Q 91.Bxe1+ Kxe1 92.Kb2 Kd2
93.Ka1 Kc1 94.Ka2 Kc2 95.Ka1 Kc1 96.Ka2 Bc2 97.Ka1 Bb1 1/2-1/2

[Event "II Liga SSCS 2015 - Istok"]
[Site "VRNJAČKA BANJA - Hotel "]
[Date "2015.10.09"]
[Round "8.61"]
[White "TODOROVIC, Jovan"]
[Black "ILIC, Zoran S"]
[Result "1/2-1/2"]
[WhiteElo "2394"]
[BlackElo "2278"]
[PlyCount "0"]
[EventDate "2015.08.28"]

1.e4 c5 2.Nf3 e6 3.d4 cxd4 4.Nxd4 a6 5.Nc3 b5 6.Bd3 Qb6 7.Nf3
Qc7 8.O-O Bb7 9.Re1 Be7 10.e5 f5 11.Nd4 Bc5 1/2-1/2